000 00531nam a2200169 i 4500
001 bg
245 0 _aAnaliza pracy belek złożonych z drewna i materiałów drewnopochodnych /
_c[red. nauk. Herbert Lupa].
260 _aSzczecin,
_c1974.
490 1 _aPrace Naukowe Politechniki Szczecińskiej ;
_vnr 27
700 1 _aLupa, Herbert.
_eRed.
830 _aPrace Naukowe Politechniki Szczecińskiej ;
040 _cBPK
041 _apol
080 _a624.072:694.3/.5
942 _cKS
008 s pl f |000 0 pol
999 _c27267
_d27267
856 _uhttp://koha.tu.koszalin.pl/cgi-bin/koha/opac-detail.pl?biblionumber=27267
_yKatalog online BPK